Setkání s tajemnem /
Kniha skutečných příběhů s doteky neznámých sil mezi nebem a zemí.
Uloženo v:
| Hlavní autor: | |
|---|---|
| Médium: | E-kniha |
| Jazyk: | Czech |
| Vydáno: |
Praha :
Euromedia Group,
2021
|
| Vydání: | Vydání první |
| Témata: | |
| On-line přístup: | Plný text - pro registrované uživatele NK ČR |
| Tagy: |
Žádné tagy |
| LEADER | 02560cam a2200505 i 4500 | ||
|---|---|---|---|
| 001 | 311287 | ||
| 003 | CZ PrSKC | ||
| 005 | 20260601215702.0 | ||
| 007 | ta | ||
| 008 | 210212s2021 xr g 000 j cze d | ||
| 015 | |a cnb003259063 | ||
| 020 | |a 9788024271071 |q (vázáno) : |c Kč 259,00 | ||
| 035 | |a (OCoLC)1245648914 | ||
| 040 | |a CBA001 |b cze |d ABG001 |d ABA001 |e rda | ||
| 072 | 7 | |a 821.162.3-3 |x Česká próza |2 Konspekt | |
| 080 | |a 821.162.3-32 |2 MRF | ||
| 080 | |a 001.94 |2 MRF | ||
| 080 | |a 133 |2 MRF | ||
| 080 | |a (0:82-32) |2 MRF | ||
| 100 | 1 | |a Krumlovská, Olga, |d 1963- |7 jn99240000544 |4 aut | |
| 245 | 1 | 0 | |a Setkání s tajemnem / |c Olga Krumlovská |
| 250 | |a Vydání první | ||
| 264 | 1 | |a Praha : |b Euromedia Group, |c 2021 | |
| 300 | |a 239 stran ; |c 21 cm | ||
| 336 | |a text |b txt |2 rdacontent | ||
| 337 | |a bez média |b n |2 rdamedia | ||
| 338 | |a svazek |b nc |2 rdacarrier | ||
| 500 | |a Na obálce uveden nakladatel: Brána | ||
| 520 | 2 | |a Kniha skutečných příběhů s doteky neznámých sil mezi nebem a zemí. |b Kniha známé astroložky, propagátorky jógy a zdravého stylu života přináší příběhy, jež se skutečně staly autorce nebo lidem, kteří se jí se svými neuvěřitelnými zážitky svěřili. Mají nádech tajemství a nevysvětlitelného a jsou zaměřené především na zázračná uzdravení, nevysvětlitelnou pomoc v nouzi, nahlédnutí do minulých životů a vize blízké budoucnosti, na sny, které varovaly, nebo věštby, které se naplnily. Nakladatelská anotace. | |
| 650 | 0 | 7 | |a nevysvětlené jevy |7 ph117239 |2 czenas |
| 650 | 0 | 7 | |a esoterismus |7 ph114484 |2 czenas |
| 650 | 0 | 7 | |a okultismus |7 ph115583 |2 czenas |
| 650 | 0 | 9 | |a supernatural |2 eczenas |
| 650 | 0 | 9 | |a esoterism |2 eczenas |
| 650 | 0 | 9 | |a occultism |2 eczenas |
| 655 | 7 | |a české příběhy |7 fd133973 |2 czenas | |
| 655 | 9 | |a Czech stories |2 eczenas | |
| 856 | 4 | 1 | |u https://www.bookport.cz/AccountSaml/SignIn/?idp=https%3A%2F%2Fshibboleth.nkp.cz%2Fidp%2Fshibboleth&returnUrl=/kniha/setkani-s-tajemnem-13980/ |y Plný text - pro registrované uživatele NK ČR |4 N |
| 900 | |a ABA001 |b 19 | ||
| 928 | 9 | |a Euromedia Group - Brána | |
| 928 | 9 | |a Brána | |
| 044 | |a xr | ||
| 910 | |a RBIT002 | ||
| 998 | |d 307870 |a https://core.palmknihy.cz/api/books/307870/cover?qnuny0 |b https://core.palmknihy.cz/api/books/307870/cover/400?qnuny0 |c https://core.palmknihy.cz/api/books/307870/cover/50?qnuny0 |e 2027-05-20 |g 240 |i 9788024271071 |j https://core.palmknihy.cz/api/books/307870/preview.epub |l |q 49 |r 1 |s https://www.palmknihy.cz/kniha/307870 |t ebook |y 2021 |z 0 | ||
| 999 | |d 311285 | ||